The Jehovah's Witnesses, Non-violance and the War in Ukraïne

Saved in:  
Bibliographic Details
Main Author: Chryssides, George D. 1945- (Author)
Format: Print Article
Language:English
Check availability: HBZ Gateway
Interlibrary Loan:Interlibrary Loan for the Fachinformationsdienste (Specialized Information Services in Germany)
Published: 2024
In: Acta comparanda
Year: 2024, Volume: 35, Pages: 19-33
Standardized Subjects / Keyword chains:B Jehovah's Witnesses / Conscientious objection / Exegesis
IxTheo Classification:AD Sociology of religion; religious policy
AG Religious life; material religion
HA Bible
KDH Christian sects
NCB Personal ethics

MARC

LEADER 00000caa a22000002c 4500
001 1914504216
003 DE-627
005 20251119164724.0
007 tu
008 250114s2024 xx ||||| 00| ||eng c
035 |a (DE-627)1914504216 
035 |a (DE-599)KXP1914504216 
040 |a DE-627  |b ger  |c DE-627  |e rda 
041 |a eng 
084 |a 0  |2 ssgn 
100 1 |e VerfasserIn  |0 (DE-588)143085964  |0 (DE-627)642496617  |0 (DE-576)164967990  |4 aut  |a Chryssides, George D.  |d 1945- 
109 |a Chryssides, George D. 1945-  |a Chryssides, George 1945-  |a Chryssides, George David 1945- 
245 1 4 |a The Jehovah's Witnesses, Non-violance and the War in Ukraïne 
264 1 |c 2024 
336 |a Text  |b txt  |2 rdacontent 
337 |a ohne Hilfsmittel zu benutzen  |b n  |2 rdamedia 
338 |a Band  |b nc  |2 rdacarrier 
652 |a AD:AG:HA:KDH:NCB 
689 0 0 |d s  |0 (DE-588)4067703-5  |0 (DE-627)10418910X  |0 (DE-576)209170972  |2 gnd  |a Zeugen Jehovas 
689 0 1 |d s  |0 (DE-588)4033123-4  |0 (DE-627)106258672  |0 (DE-576)20900035X  |2 gnd  |a Kriegsdienstverweigerung 
689 0 2 |d s  |0 (DE-588)4015950-4  |0 (DE-627)104675314  |0 (DE-576)20891434X  |2 gnd  |a Exegese 
689 0 |5 (DE-627) 
773 0 8 |i Enthalten in  |t Acta comparanda  |d Antwerpen : FVG, 1984  |g 35(2024), Seite 19-33  |w (DE-627)169135780  |w (DE-600)896062-8  |w (DE-576)016231503  |x 0779-9853  |7 nnas 
773 1 8 |g volume:35  |g year:2024  |g pages:19-33 
935 |a mteo 
938 1 0 |0 (DE-627)1756180725  |0 (DE-615)6608418  |a Kriegsdienstverweigerung  |2 fivt 
951 |a AR 
BIB |a 1 
ELC |b 1 
ITA |a 1  |t 1 
LOK |0 000 xxxxxcx a22 zn 4500 
LOK |0 001 4650954258 
LOK |0 003 DE-627 
LOK |0 004 1914504216 
LOK |0 005 20250307115252 
LOK |0 008 250114||||||||||||||||ger||||||| 
LOK |0 035   |a (DE-Tue135)169135780_35_2024_19 
LOK |0 040   |a DE-Tue135  |c DE-627  |d DE-Tue135 
LOK |0 092   |o n 
LOK |0 852   |a DE-Tue135 
LOK |0 852 1  |9 00 
LOK |0 935   |a imwa  |a ixzs 
LOK |0 936ln  |0 1442052813  |a NCB 
LOK |0 936ln  |0 144204408X  |a HA 
LOK |0 936ln  |0 1550736167  |a KDH 
LOK |0 936ln  |0 1442043016  |a AD 
LOK |0 936ln  |0 1442043229  |a AG 
LOK |0 939   |a 14-01-25  |b l01 
ORI |a SA-MARC-ixtheoa001.raw 
REL |a 1 
STA 0 0 |a Conscientious objection,Military service,Exegesis,Jehovah's Witnesses,Watch Tower Bible and Tract Society 
STB 0 0 |a Exégèse,Objection de conscience,Témoins de Jéhovah 
STC 0 0 |a Exegesis,Objeción de conciencia,Testigo de Jehová 
STD 0 0 |a Esegesi,Obiezione di coscienza,Testimoni di Geova 
STE 0 0 |a 拒服兵役,注释,诠释,解经,耶和华见证人 
STF 0 0 |a 拒服兵役,注釋,詮釋,解經,耶和華見證人 
STG 0 0 |a Exegese,Objeção de consciência,Testemunhas de Jeová 
STH 0 0 |a Отказ от военной службы,Свидетели Иеговы,Экзегетика 
STI 0 0 |a Αντίρρηση συνείδησης,Άρνηση στράτευσης για λόγους συνείδησης,Εξηγητική,Ερμηνευτική,Μάρτυρες του Ιεχωβά 
SUB |a BIB  |a REL 
SYG 0 0 |a Bibelforscher,Jehovas Zeugen,Russelliten,Ernste Bibelforscher , Wehrdienst,Wehrdienstverweigerung,Militärdienstverweigerung,Dienstverweigerung , Bibelauslegung,Bibelexegese,Biblische Auslegung,Bibelinterpretation,Biblische Exegese,Schriftauslegung